00365 a2200109 4500001000900000005001700009008004100026245007600067100002200143773007300165999001700238ART_363020260410161716.0260409a 10aUna medida alternativa de la pobreza en el Gran Buenos Aires: 1989-19941 aPetrecolla, Diego0 tDesarrollo económicog- Vol. 36, Nº 141 (abr./jun. 1996)wREV1174 c16566d16566